000 00662cam a2200205 a 4500
001 000019239
005 20200929165946.0
008 850208s1970 sp b 001 0 spa d
040 _aDO-SdBNP
_bspa
_cLC
_dBNPHU
050 0 0 _aDP233.5
_b.T86 1982
082 _ann*
_bT927m
100 1 _aTuñón de Lara, Manuel.
_941399
245 1 0 _aMedio siglo de cultura española, 1885-1936 /
_cManuel Tuñón de Lara.
260 _aMadrid :
_bTecnos,
_c1970.
300 _a293 p. ;
_c18 cm.
651 0 _aSpain
_xIntellectual Life
_y19th century.
_941400
651 0 _aSpain
_xIntellectual Life
_y20th century.
_941401
910 _aCatalogación derivada / LC
049 _aBNGR
999 _c18757
_d18757